MARC

LEADER 00000nas a2200000 i 4500
001 ssj0000578935
003 WaSeSS
005 20200512172242.0
006 m d
007 cr n
008 110727c20109999ck ar p s 0 0spa c
010 |a  2012252099 
016 7 |a 2600076-3  |2 DE-600 
022 |a 2145-5082  |l 2145-5082 
035 |a (WaSeSS)ssj0000578935 
040 |a YAM  |b eng  |e pn  |c YAM  |d WAU  |d OCLCQ  |d OCLCF  |d OCLCO  |d IXA  |d OCLCO  |d LGG  |d CUS  |d AU@  |d OCLCO  |d CUS  |d OCLCA  |d SFB  |d WaSeSS 
041 0 |a spa  |a eng  |a por 
042 |a pcc 
043 |a sa----- 
050 1 4 |a QH112 
210 1 |a Mundo amazonico  |b (En linea) 
222 0 |a Mundo Amazonico  |b (En linea) 
245 0 0 |a Mundo Amazónico  |h [electronic resource]. 
260 |a Leticia, Amazonas, Colombia :  |b IMANI, Universidad Nacional de Colombia, Sede Amazonia,  |c 2010- 
310 |a Annual 
362 1 |a Began with: Vol. 1 (2010). 
506 |a License restrictions may limit access. 
546 |a Articles in Spanish, English or Portuguese. 
588 |a Description based on: Vol. 1 (2010); title from journal home page (publisher's Web site, viewed July 31, 2015). 
588 |a Latest issue consulted: Vol. 5, núm. 2 (2015) (viewed July 31, 2015). 
650 0 |a Natural history  |z Amazon River Region  |v Periodicals. 
650 0 |a Indians of South America  |z Amazon River Region  |v Periodicals. 
650 0 |a Human ecology  |z Amazon River Region  |v Periodicals. 
650 0 |a Ethnoscience  |z Amazon River Region  |v Periodicals. 
650 7 |a Ethnoscience.  |2 fast  |0 (OCoLC)fst00916208 
650 7 |a Human ecology.  |2 fast  |0 (OCoLC)fst00962941 
650 7 |a Indians of South America.  |2 fast  |0 (OCoLC)fst00969962 
650 7 |a Natural history.  |2 fast  |0 (OCoLC)fst01034268 
651 7 |a Amazon River Region.  |2 fast  |0 (OCoLC)fst01239764 
655 0 |a Electronic journals. 
710 2 |a Universidad Nacional de Colombia.  |b Sede Amazonia.  |b Instituto Amazónico de Investigaciones. 
776 0 8 |i Print version:  |t Mundo amazónico  |x 2145-5074 
856 4 0 |z Full text available from Research Library: 01/01/2010 to present  |u https://search.proquest.com/publication/2035721